[Event "Toronto NAYCC U08 Girls"]
[Site "Toronto"]
[Date "2013.08.18"]
[Round "8"]
[White "Radin, Paige"]
[Black "Yu, Larina R"]
[Result "0-1"]
[WhiteElo "657"]
[BlackElo "630"]
[PlyCount "38"]
[EventDate "2013.08.14"]
[EventType "swiss"]
[EventRounds "9"]
[EventCountry "CAN"]
[SourceTitle "EXT 2022"]
[Source "ChessBase"]
[SourceDate "2021.10.06"]
[SourceVersion "1"]
[SourceVersionDate "2021.10.06"]
[SourceQuality "1"]

1. e4 e5 2. Nf3 Nc6 3. Nc3 Nf6 4. Bc4 Bc5 5. d3 d6 6. Bg5 Be6 7. Qd2 h6 8. Be3 Bb6 9. 0-0-0 Qd7 10. Bxb6 axb6 11. Bxe6 fxe6 12. Nb5 0-0 13. Rhe1 Rxa2 14. Kb1 Rfa8 15. c3 Nb4 16. cxb4 Qxb5 17. Rc1 Qa4 18. b3 Qxb3+ 19. Qb2 Qxb2# 0-1

[Event "Toronto NAYCC U08 Girls"]
[Site "Toronto"]
[Date "2013.08.15"]
[Round "2"]
[White "Yu, Larina R"]
[Black "Minzak, Anna"]
[Result "1-0"]
[WhiteElo "630"]
[BlackElo "667"]
[PlyCount "77"]
[EventDate "2013.08.14"]
[EventType "swiss"]
[EventRounds "9"]
[EventCountry "CAN"]
[SourceTitle "EXT 2022"]
[Source "ChessBase"]
[SourceDate "2021.10.06"]
[SourceVersion "1"]
[SourceVersionDate "2021.10.06"]
[SourceQuality "1"]

1. e4 e5 2. Bc4 Nf6 3. Nc3 Bc5 4. Nf3 Nc6 5. d3 d6 6. Be3 Bb6 7. 0-0 0-0 8. Nh4 Bg4 9. Qd2 Ba5 10. f3 Be6 11. Qf2 Qd7 12. h3 Bxc3 13. bxc3 Bxc4 14. dxc4 Qe6 15. c5 dxc5 16. Bxc5 b6 17. Bxf8 Rxf8 18. Nf5 g6 19. Nh6+ Kg7 20. Qh4 Qe7 21. f4 Nd5 22. Qg3 Nxc3 23. Nf5+ Kf6 24. Nxe7 Kxe7 25. Qxc3 exf4 26. Rxf4 g5 27. Rg4 f6 28. Qxc6 h5 29. Qxc7+ Ke6 30. Rg3 h4 31. Rd3 Ra8 32. Re1 f5 33. exf5+ Kxf5 34. Qe5+ Kg6 35. Rd6+ Kf7 36. Qe7+ Kg8 37. Red1 a5 38. Rd8+ Rxd8 39. Rxd8# 1-0